• 首页
  • 本馆介绍
  • 公告通知
  • 最新文献
  • 馆藏检索
  • 电子资源
  • 读者导购
  • 参考咨询
  • 我的图书馆
  • 登录
  • 详细信息显示
  • 放入我的书架
  • 预约/预借图书
  • 作者相关作品
  • 分类相关作品
  • 丛书相关作品
  • 出版社相关作品

书目信息

  • 表格格式
  • 工作单格式
  • 卡片格式
题名:
英语教学理论与实践
    
 
作者: 崔刚 , 罗立胜 编著
分册:  
出版信息: 北京   对外经济贸易大学出版社  2006.03
页数: 408页
开本: 19cm
丛书名:
单 册:
中图分类: G633.412
科图分类:
主题词: 教育--各级
电子资源:
ISBN: 7-81078-632-6
000 00705nam0 2200229 450
001 0731250147
005 20071221215441.16
010    @a7-81078-632-6@dCNY29.00
100    @a20071116d2006 km y0chiy0120 ea
101 0  @achi
102    @aCN@b110000
200 1  @a英语教学理论与实践@Aying yu jiao xue li lun yu shi jian@f崔刚,罗立胜编著@Fcui gang,luo li sheng bian zhu
210    @a北京@c对外经济贸易大学出版社@d2006.03
215    @a408页@d19cm
300    @a中学英语教师基本素质培训班教材
606 0  @a教育@x各级
690    @aG633.412@v4
701  0 @a崔刚@Acui gang@4编著
701  0 @a罗立胜@Aluo li sheng@4编著
801  0 @aCN@bNISOFT@c20071221
905    @aBZT@dG633.412@e1
906    @dCNY29.00@n0@r1
    
    英语教学理论与实践/崔刚,罗立胜编著.-北京:对外经济贸易大学出版社,2006.03
    408页;19cm
    中学英语教师基本素质培训班教材
    
    ISBN 7-81078-632-6:CNY29.00
    
●
相关链接 在五车中查询图书 在当当中查询图书 在豆瓣中查询图书


正题名:英语教学理论与实践     索取号:G633.412/1         预约/预借

序号 登录号 条形码 馆藏地/架位号 状态 备注
1 601379   2000601379   中心书库北库/ 北库029架A面4列2层5/ [索取号:G633.412/1] 在馆    
2 601380   2000601380   中心书库北库/ 北库029架A面4列2层10/ [索取号:G633.412/1] 在馆    
3 601381   2000601381   中心书库北库/ 北库029架A面4列2层8/ [索取号:G633.412/1] 在馆    
4 601382   2000601382   中心书库北库/ 北库029架A面4列2层6/ [索取号:G633.412/1] 在馆    
5 601383   2000601383   中心书库北库/ 北库029架A面4列2层9/ [索取号:G633.412/1] 在馆    
6 601384   2000601384   中心书库北库/ 北库029架A面4列2层1/ [索取号:G633.412/1] 在馆    
7 601385   2000601385   中心书库北库/ 北库029架A面4列2层2/ [索取号:G633.412/1] 在馆    
8 601386   2000601386   中心书库北库/ 北库029架A面4列2层3/ [索取号:G633.412/1] 在馆    
9 601387   2000601387   中心书库北库/ 北库029架A面4列2层7/ [索取号:G633.412/1] 在馆    
10 601388   2000601388   中心书库北库/ 北库029架A面4列2层11/ [索取号:G633.412/1] 在馆    
山东省滨州职业学院图书馆 欢迎您!
大连网信软件有限公司© 版权所有